Cumberland A-Z - Statistics

General Stats
  • This quiz has been taken 48 times
    6 since last reset
  • The average score is 22 of 26
Answer Stats
Hint Answer % Correct
C City; county town Carlisle
100%
E River that flows through C Eden
100%
G Geological formation that carved out the county's valleys Glaciers
100%
I Bordering sea Irish Sea
100%
L National park Lake District
100%
N Type of power that was generated at Sellafield Nuclear
100%
J Key ingredient of Cumberland sauce Redcurrant {jelly}
100%
F Body of water between Cumberland and Scotland Solway {Firth}
100%
T Term for the county's many small lakes Tarns
100%
V Broad valley named for E Vale of Eden
100%
W Coastal town raided by Americans in 1778 Whitehaven
100%
Z Rugby union club (hint: their kit is black and white!) Workington {Zebras}
100%
B Third-largest lake Bassenthwaite Lake
80%
X Courier company based in Penrith (hint: Orient _______) Cumbria {X-Press}
80%
D Second-largest lake Derwentwater
80%
H England's third-highest mountain Helvellyn
80%
K Tourist town with a pencil museum Keswick
80%
M Coastal town named for an MP's wife Maryport
80%
O Birds that migrate from Africa and can be found at B Ospreys
80%
S England's highest mountain Scafell Pike
80%
P Wordsworth, Coleridge, Southey The Lake {Poets}
80%
U Lake known for its 'steamers' Ullswater
80%
Y Cumbrian dialect word for 'one' Yan
80%
A Town whose name means 'Ash tree of St Patrick' Aspatria
60%
Q Title of the woman who was imprisoned in C's castle in 1568 Queen of Scots
40%
R Dessert sauce popularised in the county's coastal towns Rum butter
40%
No matching quizzes found
Score Distribution
Percent of People with Each Score
Percentile by Number Answered
Your Score History
You have not taken this quiz since the last reset